000 00735nam a2200217 a 4500
001 000005574
005 20200929151721.0
008 090820s2005 sp 001 0 spa d
020 _a8400083679
040 _aDO-SdBNP
082 _axxxx
_bM183g
100 1 _aMadroñal, Abraham
_915754
245 1 0 _aDe grado y de gracias :
_bvejámenes universitarios de los siglos de oro /
_cAbraham, Madroñal ; prólogo Aurora Egido.
260 _aMadrid, :
_bCSIC,
_c2005.
300 _a530 p. ;
_c24 cm.
440 0 _aAnejos de revista de literatura
_n66
_915755
504 _aIncluye referencias bibliográficas y notas al pie de las páginas
504 _aIncluye bibliografías
700 1 _aEgido, Aurora,
_epról.
_910573
049 _aBNPD
999 _c5373
_d5373